[Event "KEN-ch"]
[Site "Nairobi"]
[Date "2024.02.10"]
[Round "3"]
[White "Omolo, Keneth"]
[Black "Njoroge, Martin"]
[Result "0-1"]
[WhiteElo "2088"]
[BlackElo "1870"]
[PlyCount "83"]
[EventDate "2024.02.09"]
[EventType "tourn"]
[EventRounds "11"]
[EventCountry "KEN"]
[SourceTitle "CB08_2024"]
[SourceDate "2024.02.21"]
[SourceVersion "1"]
[SourceVersionDate "2024.02.21"]
[SourceQuality "1"]

1. d4 d5 2. Nf3 c6 3. c4 Nf6 4. Nc3 Qb6 5. g3 Bf5 6. Bg2 h6 7. 0-0 e6 8. Ne5 Nbd7 9. c5 Qd8 10. f4 Be7 11. b4 0-0 12. Bd2 Nxe5 13. fxe5 Ne8 14. Bf4 Nc7 15. a4 Qd7 16. Qb3 b6 17. Rad1 Rab8 18. Qa2 bxc5 19. bxc5 Rb4 20. Qd2 Rfb8 21. e4 Bg6 22. exd5 Nxd5 23. Nxd5 cxd5 24. a5 Qb5 25. Qe1 Bd8 26. Qf2 Bxa5 27. g4 Rb2 28. Qg3 Bd8 29. h4 Qb3 30. Bf3 a5 31. h5 Bd3 32. Rfe1 Rb1 33. Rxb1 Bxb1 34. Bd1 Qb4 35. Qf2 Be4 36. Bd2 Qb5 37. Rf1 Rb7 38. Be2 Qc6 39. Qe1 a4 40. Qc1 Rb3 41. Bd1 Rg3+ 42. Kh2 0-1

[Event "KEN Nat Team Selection"]
[Site "Ruaraka"]
[Date "2023.01.29"]
[Round "10"]
[White "Njoroge, Martin"]
[Black "Methu, Joseph Muraga"]
[Result "0-1"]
[WhiteElo "1911"]
[BlackElo "1939"]
[PlyCount "89"]
[EventDate "2023.01.20"]
[EventType "tourn"]
[EventRounds "11"]
[EventCountry "KEN"]
[SourceTitle "CBM 213 Extra"]
[Source "ChessBase"]
[SourceDate "2023.05.31"]
[SourceVersion "1"]
[SourceVersionDate "2023.05.31"]
[SourceQuality "1"]

1. e4 Nf6 2. e5 Nd5 3. d4 Nb6 4. c4 d6 5. Nf3 g6 6. Nc3 Bg7 7. exd6 cxd6 8. Be3 0-0 9. Rc1 Bg4 10. b3 d5 11. h3 Bxf3 12. Qxf3 Nc6 13. c5 Nc8 14. Qxd5 Nxd4 15. Bd3 Nc6 16. 0-0 Qa5 17. Bd2 Rd8 18. Qe4 Qxc5 19. Rfd1 Nd6 20. Qe3 Qxe3 21. Bxe3 Rac8 22. Bb1 Nf5 23. Bxf5 gxf5 24. Nb5 a6 25. Na7 Nxa7 26. Bxa7 Be5 27. Bb6 Rxd1+ 28. Rxd1 Rc2 29. Kf1 Bd6 30. Rd5 Rxa2 31. Rxf5 Rb2 32. Rf3 f6 33. Ke1 Rc2 34. Kd1 Rc6 35. Ba5 b6 36. Bd2 Kf7 37. Be3 b5 38. Ke1 Rc3 39. Bd2 Rxf3 40. gxf3 Ke6 41. Ke2 Kd5 42. f4 Ke4 43. f3+ Kf5 44. Kd3 Bxf4 45. Bb4 0-1

[Event "KEN Nat Team Selection"]
[Site "Ruaraka"]
[Date "2023.01.21"]
[Round "2"]
[White "Osoro, Samuel Onsongo"]
[Black "Njoroge, Martin"]
[Result "1-0"]
[WhiteElo "1487"]
[BlackElo "1911"]
[PlyCount "65"]
[EventDate "2023.01.20"]
[EventType "tourn"]
[EventRounds "11"]
[EventCountry "KEN"]
[SourceTitle "CBM 213 Extra"]
[Source "ChessBase"]
[SourceDate "2023.05.31"]
[SourceVersion "1"]
[SourceVersionDate "2023.05.31"]
[SourceQuality "1"]

1. Nf3 d5 2. d3 c5 3. Nbd2 Nc6 4. c3 e5 5. e4 Nf6 6. h3 Bd6 7. Qc2 0-0 8. Be2 Re8 9. Nf1 Rb8 10. Ng3 b5 11. Bg5 Be7 12. 0-0 h6 13. Bd2 Be6 14. a3 Qb6 15. Rab1 Rbc8 16. Be3 d4 17. Bd2 a5 18. Nh2 a4 19. f4 exf4 20. Bxf4 c4 21. Kh1 Na5 22. Be5 dxc3 23. bxc3 cxd3 24. Bxd3 Nc4 25. Bd4 Qc7 26. Bxc4 Bxc4 27. Rf3 Bxa3 28. Bxf6 gxf6 29. Nf5 Bf8 30. Ng4 Qc5 31. Ngxh6+ Kh8 32. Rg3 Be7 33. Qd2 1-0

[Event "Africa-ch U2000"]
[Site "Mombasa"]
[Date "2022.11.30"]
[Round "6"]
[White "Hassaballa, Ahmed Hassaballa"]
[Black "Njoroge, Martin"]
[Result "1/2-1/2"]
[WhiteElo "1890"]
[BlackElo "1973"]
[PlyCount "63"]
[EventDate "2022.11.27"]
[EventType "swiss"]
[EventRounds "9"]
[EventCountry "KEN"]
[SourceTitle "EXT 2024"]
[Source "ChessBase"]
[SourceDate "2023.10.10"]
[SourceVersion "1"]
[SourceVersionDate "2023.10.10"]
[SourceQuality "1"]

1. c4 c5 2. Nc3 e5 3. Nf3 Nc6 4. g3 g6 5. Bg2 Bg7 6. 0-0 Nge7 7. d3 0-0 8. Be3 d6 9. Qd2 Re8 10. Bh6 Bh8 11. Bg5 f6 12. Be3 Nf5 13. Qc1 Nxe3 14. fxe3 Be6 15. e4 Qd7 16. Qd2 Bg7 17. Rad1 Rab8 18. Nd5 b5 19. b3 Rf8 20. Nh4 Nd4 21. e3 Nc6 22. Rf2 Ne7 23. Rdf1 Nxd5 24. cxd5 Bg4 25. Re1 Bh6 26. Qa5 b4 27. Qa6 Rb6 28. Qc4 Qb5 29. Qc2 Rbb8 30. h3 Bc8 31. Nf3 Qb7 32. Nd2 1/2-1/2

[Event "Olympiad-44"]
[Site "Chennai"]
[Date "2022.08.02"]
[Round "5.3"]
[White "Njoroge, Martin"]
[Black "Ribbegren, Karl Johan"]
[Result "1-0"]
[WhiteElo "1973"]
[BlackElo "2198"]
[PlyCount "103"]
[EventDate "2022.07.29"]
[EventType "team-swiss"]
[EventRounds "11"]
[EventCountry "IND"]
[SourceTitle "CBM 210"]
[Source "ChessBase"]
[SourceDate "2022.10.31"]
[SourceVersion "1"]
[SourceVersionDate "2022.10.31"]
[SourceQuality "1"]
[WhiteTeam "Kenya"]
[BlackTeam "Monaco"]
[WhiteTeamCountry "KEN"]
[BlackTeamCountry "MNC"]

1. d4 g6 2. Nf3 Bg7 3. e4 d6 4. Bd3 Nf6 5. c4 0-0 6. Nc3 e5 7. d5 Na6 8. h3 Nc5 9. Be3 Nxd3+ 10. Qxd3 b6 11. g4 Nd7 12. Qe2 a5 13. 0-0-0 Nc5 14. Rdg1 f6 15. h4 Kf7 16. Nd2 Bd7 17. f4 exf4 18. Bxf4 Qe7 19. Rf1 Kg8 20. h5 g5 21. h6 gxf4 22. hxg7 Qxg7 23. Rxf4 Qg5 24. Qh2 Rf7 25. Kc2 Re8 26. Nf3 Qg6 27. Nh4 Qh6 28. Qf2 Qg5 29. Nf5 Bxf5 30. Rxf5 Qg6 31. Qf4 Rg7 32. Rg1 h6 33. Rxf6 Qg5 34. Qf3 Nd7 35. Rf5 Ne5 36. Qh3 Qg6 37. g5 hxg5 38. Rfxg5 Qxg5 39. Rxg5 Rxg5 40. Nb5 Re7 41. Nd4 Rg4 42. Qh5 Rg2+ 43. Kb3 a4+ 44. Kc3 Nf7 45. Qh3 Rg6 46. Qc8+ Kh7 47. Nf5 Rxe4 48. Qxc7 Rf6 49. Nxd6 Rf3+ 50. Kb4 Ref4 51. Nxf7 Rxf7 52. Qxb6 1-0

[Event "Addis Ababa zt 4.4"]
[Site "Addis Ababa"]
[Date "2022.05.07"]
[Round "8"]
[White "Njoroge, Martin"]
[Black "Omar, Abdulrahman"]
[Result "1-0"]
[WhiteElo "1932"]
[BlackElo "2005"]
[PlyCount "73"]
[EventDate "2022.05.02"]
[EventType "swiss"]
[EventRounds "9"]
[EventCountry "ETH"]
[SourceTitle "CBM 208 Extra"]
[Source "ChessBase"]
[SourceDate "2022.07.31"]
[SourceVersion "1"]
[SourceVersionDate "2022.07.31"]
[SourceQuality "1"]

1. d4 Nf6 2. c4 e6 3. Nc3 d5 4. cxd5 exd5 5. Bg5 c6 6. Qc2 h6 7. Bh4 Be7 8. e3 Ne4 9. Bxe7 Qxe7 10. Bd3 f5 11. Nxd5 Qd8 12. Nc3 Nxc3 13. Qxc3 0-0 14. Nf3 Be6 15. 0-0 Nd7 16. Bc4 Bxc4 17. Qxc4+ Kh7 18. Qb3 b6 19. Rac1 c5 20. Rfd1 Qe7 21. Qd5 g6 22. dxc5 Nxc5 23. b4 Rad8 24. Qe5 Qxe5 25. Nxe5 Na6 26. a3 Kg7 27. h3 Rfe8 28. Nc6 Rxd1+ 29. Rxd1 Nb8 30. Nxb8 Rxb8 31. Rd7+ Kf6 32. Rxa7 Ke5 33. b5 g5 34. Rh7 Kd5 35. Rxh6 Kc5 36. a4 Kb4 37. Rf6 1-0

[Event "Addis Ababa zt 4.4"]
[Site "Addis Ababa"]
[Date "2022.05.03"]
[Round "2"]
[White "Mohamed, Ali Dima"]
[Black "Njoroge, Martin"]
[Result "0-1"]
[WhiteElo "1542"]
[BlackElo "1932"]
[PlyCount "24"]
[EventDate "2022.05.02"]
[EventType "swiss"]
[EventRounds "9"]
[EventCountry "ETH"]
[SourceTitle "CBM 208 Extra"]
[Source "ChessBase"]
[SourceDate "2022.07.31"]
[SourceVersion "1"]
[SourceVersionDate "2022.07.31"]
[SourceQuality "1"]

1. e4 c6 2. d4 d5 3. Nc3 dxe4 4. g3 Nf6 5. Bg2 Bf5 6. Be3 Nbd7 7. Nce2 e6 8. a3 Be7 9. Nc1 0-0 10. h3 h5 11. Nb3 Re8 12. Nd2 e5 0-1

[Event "Online Olym Div3 B"]
[Site "Chess.com INT"]
[Date "2021.08.29"]
[Round "9.4"]
[White "Njoroge, Martin"]
[Black "Antonios, Johnny"]
[Result "1-0"]
[WhiteElo "1958"]
[BlackElo "2257"]
[PlyCount "87"]
[EventDate "2021.08.27"]
[EventType "team-tourn (rapid)"]
[EventRounds "9"]
[EventCountry "USA"]
[SourceTitle "CBM 204 Extra"]
[Source "ChessBase"]
[SourceDate "2021.11.30"]
[SourceVersion "1"]
[SourceVersionDate "2021.11.30"]
[SourceQuality "1"]
[WhiteTeam "Kenya"]
[BlackTeam "Lebanon"]
[WhiteTeamCountry "KEN"]
[BlackTeamCountry "LBN"]

1. e4 c5 2. Nf3 e6 3. d4 cxd4 4. Nxd4 Nc6 5. Nc3 Qc7 6. Be3 a6 7. g3 Nf6 8. Bg2 Ne5 9. Nde2 Bc5 10. Bxc5 Qxc5 11. Qd4 Qxd4 12. Nxd4 d6 13. 0-0-0 Bd7 14. h3 Ke7 15. f4 Nc4 16. Rd3 Rac8 17. Rhd1 Rhd8 18. b3 Na5 19. Kb2 Be8 20. Nde2 b5 21. a3 Bc6 22. Re3 Bb7 23. Bh1 Rc7 24. Red3 Ne8 25. e5 Bxh1 26. exd6+ Nxd6 27. Rxh1 Rdc8 28. Rd4 Nc6 29. Rd2 b4 30. axb4 Nxb4 31. Rhd1 Nb5 32. Nxb5 Rxc2+ 33. Ka3 Nd5 34. Nbd4 R2c5 35. Kb2 Nb4 36. Nc1 Rc3 37. Nd3 Nd5 38. Rc1 Rxc1 39. Nxc1 g6 40. Nd3 h5 41. Rc2 Rb8 42. Nc6+ Kd6 43. Nxb8 Nb4 44. Nxb4 1-0

[Event "Online Olym Div4 B"]
[Site "Chess.com INT"]
[Date "2021.08.20"]
[Round "1.6"]
[White "Njoroge, Martin"]
[Black "Hashem, Khaled"]
[Result "0-1"]
[WhiteElo "1958"]
[BlackElo "1893"]
[PlyCount "74"]
[EventDate "2021.08.20"]
[EventType "team (rapid)"]
[EventRounds "11"]
[EventCountry "USA"]
[SourceTitle "CBM 203 Extra"]
[Source "ChessBase"]
[SourceDate "2021.09.30"]
[SourceVersion "1"]
[SourceVersionDate "2021.09.30"]
[SourceQuality "1"]
[WhiteTeam "Kenya"]
[BlackTeam "Kuwait"]
[WhiteTeamCountry "KEN"]
[BlackTeamCountry "KUW"]

1. e4 e5 2. Nf3 Nc6 3. Bc4 Bc5 4. 0-0 Nf6 5. d3 d6 6. c3 Bg4 7. Nbd2 Bb6 8. h3 Bh5 9. Re1 g5 10. Nf1 h6 11. Ng3 Bg6 12. d4 Qd7 13. Bb5 a6 14. Ba4 g4 15. Nh2 gxh3 16. d5 hxg2 17. dxc6 bxc6 18. Kxg2 h5 19. Qf3 Nh7 20. Nf5 0-0-0 21. Be3 Rhg8 22. Kf1 Kb7 23. Rad1 Bxe3 24. Rxe3 Ng5 25. Qe2 Bxf5 26. exf5 Qxf5 27. Nf3 Ne6 28. Qc4 Nc5 29. Ke2 Rg4 30. Qxc5 dxc5 31. Rxd8 Rxa4 32. Rxe5 Re4+ 33. Rxe4 Qxe4+ 34. Kf1 Qxf3 35. Rd2 h4 36. Rd8 h3 37. Rh8 Qd1# 0-1